Quizzes
Events
Quiz Creation
Community
Videos
Private Events
Remove Ads
Sign In
Join for FREE
Feedback
Dark Mode
Quiz Categories
Sports
Geography
Music
Movies
Television
Just For Fun
Miscellaneous
History
Literature
Language
Science
Gaming
Entertainment
Religion
Holiday
For Kids
Quiz Lab
Recent
Popular Today
Quiz Kudos Today
Editor Picks
Curator Picks
Quizzes by...
Day
Popularity
Type
Ratings
Length
Year
Community
Subscriptions
Recent Discussions
Orange Saloon
Badges
Playlists
Quests
Create
Leaderboards
Showdown
Live 5
Trivia Bingo
Activity
Puzzle Library
Sporcle Events
Private Events
Virtual Trivia
Globe League
Become a Host
Pub Owners
SporcleCon
Opinionation
Our Games
Videos
Blog
Mobile Apps
Partnerships
Remove Ads and Go Orange
Feedback
Gaming
Video Games
Board Games
Card Games
Pokémon
Mario
Nintendo
Minecraft
Console
Toys
Legend of Zelda
Gaming
Video Games
Board Games
Card Games
Pokémon
Mario
Nintendo
Minecraft
Console
Toys
Legend of Zelda
Random Quiz
Search Sporcle
×
Quiz Lab
Quiz Lab
Gaming
rescue
Type in answers that appear in a list
Type in answers that appear in a list
Classic
Best Score? Go Orange.
Rescue Heroes Stats
Can you name the Rescue Heroes?
By
Jackred13
10m
30 Questions
246 Plays
246 Plays
246 Plays
Comments
Comments
Give Quiz Kudos
Give Quiz Kudos
-
- Ratings
hide this ad
Replay
Link that replays current quiz
Next Quiz
Link to next quiz in quiz playlist
You Got
0%
They Got
Avg Score
58%
Avg Friend Score
Upgrade to see
Score Distribution
Jump to the score distribution portion of the page
Score
0/30
Timer
10:00
0
Plays Today
% Correct
Billy Blazes
96.3%
Wendy Waters
88.6%
Jake Justice
86.2%
Ariel Flyer
83.7%
Rocky Canyon
82.5%
Jack Hammer
80.9%
Warren Waters
67.9%
Roger Houston
62.6%
Gil Gripper
62.6%
Hal E. Copter
61.8%
Bill Barker
58.9%
Al Pine
58.9%
Rip Rockefeller
57.3%
Matt Medic
57.3%
Sandy Beach
55.7%
% Correct
Sam Sparks
54.1%
Bob Buoy
53.3%
Sergeant Siren
52%
Bob Sled
52%
Willy Stop
51.2%
Captain Cuffs
50%
Maureen Biologist
46.7%
Aiden Assist
46.3%
Cliff Hangar
44.7%
Rock Miner
43.9%
Seymour Wild
42.7%
Brandon Irons
42.3%
Ben Choppin
41.1%
Kenny Ride
37.4%
Perry Shute
30.5%
Quiz Playlist
Details
Report
Send in Message
Add To Playlist
Classic:
Type in answers that appear in a list
Last Updated: Feb 16, 2017
Quiz Scoreboard
CHALLENGE
Sign Up to Join the Scoreboard
Show All
Scores
Hide
Comments
May contain spoilers
Recently Published
1-10 Letter E Words III
by El_Dandy
Language
2m
One Thing in Common: World Cities II
by knightlancer
Geography
7m
Popular People in 1961
by mucciniale
History
6m
More to Explore
Quiz From the Vault
Featured Blog Post
Where Did the Easter Bunny Come From?
hide this ad
You Might Also Like...
Tags
Here
rescue
Today's Top Quizzes in Gaming
Browse Gaming
hide this ad
Top Contributed Quizzes in Gaming
1
Destiny 2 exotic weapons by perk icons
2
Who's on the WWE 2K24 Cover?
3
Windmill: Pokémon
4
Overwatch 2 Heroes by Selection Quote
5
Overwatch 2: Ultimate Ability Icons
6
Genshin Impact Logic Puzzle
7
Genshin murder mystery
8
Legendary or Exotic?
9
Overwatch Logic Puzzle
10
Franchise by Action Figure
Explore More
Trending Topics
Crossword
Anime
NBA
Disney
Marvel
Kpop
Harry Potter
Song
Country
Puzzle
The Office
WWE
Soccer
NFL
Pokémon
hide this ad
More By:
Jackred13
Quiz
Plays
Rating
Category
Featured
Created
Big 4 Sports Weather Teams
281
4.00
Sports
Feb 26, 2011
New York Mets Postseason History
266
4.50
Sports
Feb 22, 2011
Rescue Heroes
246
5.00
Gaming
Feb 20, 2011
NBA Active #1 Picks
178
4.33
Sports
May 3, 2011
MLB Attendance 2010
158
4.00
Sports
Feb 22, 2011
Go to Creator's Profile
Score Distribution
Quiz Creator Spotlight
Jackred13
Follow
Send a Message
Quizzes Created
-
Created Quiz Play Count
-
More By This Creator
Popular Quizzes Today
1
Find the US States - No Outlines Minefield
2
Find the Countries of Europe - No Outlines Minefield
3
The Countries of the World
4
Popular People in 1961
5
1-10 Letter E Words III
6
Find the US States
7
One Thing in Common: World Cities II
8
US States
More Gaming Quizzes
Nintendo Games Missing 'NINTENDO'
Editor's Pick
Trending Quizzes
Risky Map Clicking: Least Populous States A-Z
1-10 Letter F Words
1-10 Letter G Words
One Thing in Common: United Kingdom
Risky Map Clicking: Next State Alphabetically
Recently Updated
Leaping Animals
pecheneg
Reality TV Shows (A-Z)
bhenderson79
Rickey Henderson's Hall of Fame Teammates
pecheneg
Champions League XIs: Arsenal
pecheneg
Quick Pick: Celebrities in WWE's Hall of Fame
aduchscher
A-Z Keypad Blitz II
pecheneg
Multiple Oscar Actors
pecheneg
Mystery Phrase Blitz: Oscar 'Best Actors'
pecheneg
F. Scott Fitzgerald Novels
LTH
Pick 3 Villains
ddd62291
Trending Topics
Harry Potter
NBA
Disney
Anime
Crossword
Kpop
Marvel
Pokémon
The Office
Country
Song
WWE
NFL
Soccer
Puzzle
Your Account Isn't Verified!
In order to create a playlist on Sporcle, you need to verify the email address you used during registration. Go to your
Sporcle Settings
to finish the process.
Report this User
Report this user for behavior that violates our
Community Guidelines
.
Details:
Send Report
Go to the Sporcle.com Mobile Site →
Comments